Statistiques concernant Tous les joueurs FC Sochaux Montbéliard (2006-2007)

Cliquez ici pour prendre le quiz!

Statistiques générales

  • Ce quiz a été pris 9 fois
  • Le résultat moyen est 8 sur 31

Statistiques - réponses

Nationalité Poste Answer % Correct
FranceGTeddy Richert
88%
FranceMMickael Isabey
75%
TurquieAMevlut Erding
63%
BrésilAAlvaro Santos
50%
FranceDStephane Pichot
38%
FranceEntraineurAlain Perrin
38%
SerbieDDusko Tosic
38%
SuisseMJohann Lonfat
25%
AlgérieMKarim Ziani
25%
FranceAJulien Quercia
25%
SénégalDGuirane N'Daw
25%
FranceMJerome Leroy
25%
CroatieAIvan Perisic
25%
FranceGJeremy Gavanon
25%
BurkinaAMoumouni Dagano
25%
SlovénieAValter Birsa
25%
FranceMRomain Pitau
25%
NigeriaDRabiu Afolabi
25%
MaliDFousseni Diawara
13%
FranceAAnthony Le Tallec
13%
SénégalMBadara Sene
13%
FranceMPhilippe Brunel
13%
FranceGJeremy Deichelbohrer
13%
FranceASebastien Grax
13%
SénégalDOmar Daf
13%
SénégalDSouleymane Diawara
13%
FranceDJeremie Brechet
13%
FranceDLionel Potillon
0%
FranceMToufik Zerara
0%
CamerounMValery Mezague
0%
FranceDHakim El Bounadi
0%

Distribution des résultats

Percentile by Number Answered

% des personnes avec chaque résultat

Votre développement - résultats

Vous n’avez pas pris ce quiz